000 00538nam a2200193Ia 4500
003 GCL
008 140319s9999 xx 000 0 aGREEK d
020 _a9602743166
040 _aGCL /
_cGCL
082 0 4 _a982.76
_bN K
100 1 _aNAGUIB MAHFOUZ
245 1 0 _aXAV EH XAHIHL /
_cNAGUIB MAHFOUZ
260 _aالقاهرة :
_bTHE AMERICAN UNIVERSITY IN CAIRO PRESS ،
_c1993
300 _a18 CM ؛
_c310 P
650 0 4 _aLITERATURE
650 0 4 _aARABIC LITERATURE - TRANSLATION
650 0 4 _aARABIC FICTION
942 _2ddc
_cBK
999 _c18476
_d18476